书目信息 |
| 题名: |
魅力独特的民族服饰
|
|
| 作者: | 王晶 编著 | |
| 分册: | ||
| 出版信息: | 长春 吉林出版集团有限责任公司 2019重印 |
|
| 页数: | 159页 | |
| 开本: | 24cm | |
| 丛书名: | 流光溢彩的中华民俗文化 | |
| 单 册: | ||
| 中图分类: | K892.23 , TS941.742.8 | |
| 科图分类: | ||
| 主题词: | 少数民族--Shao Shu Min Zu--民族服饰--服饰文化--介绍--中国 | |
| 电子资源: | ||
| ISBN: | 978-7-5534-5075-9 | |
| 000 | 01184nam 2200301 45 | |
| 001 | 012001011242 | |
| 005 | 20140101150136.0 | |
| 010 | @a978-7-5534-5075-9@dCNY27.80 | |
| 099 | @aCAL 012015035767 | |
| 100 | @a20140901d2014 em y0chiy0120 ea | |
| 101 | 0 | @achi |
| 102 | @aCN@b220000 | |
| 105 | @aa z 000yy | |
| 106 | @ar | |
| 200 | 1 | @a魅力独特的民族服饰@AMei Li Du Te De Min Zu Fu Shi |
| 210 | @a长春@c吉林出版集团有限责任公司@d2019重印 | |
| 215 | @a159页@c彩图@d24cm | |
| 225 | 2 | @a流光溢彩的中华民俗文化@ALiu Guang Yi Cai De Zhong Hua Min Su Wen Hua@e彩图版 |
| 314 | @a责任者取自于书脊 | |
| 330 | @a我国是一个多民族的国家,在960万平方公里的土地上,除汉族外,还生活着55个少数民族各民族。他们在漫长的历史发展过程中创造了优秀的民族文化,其中包括绚丽多姿的服饰文化。本书是《流光溢彩的中华民俗文化》系列丛书之一,以图文并茂的形式,引领读者用更多彩的目光来认识 | |
| 333 | @a大众读者。 | |
| 410 | 0 | @12001@a流光溢彩的中华民俗文化 |
| 606 | 0 | @a少数民族@AShao Shu Min Zu@x民族服饰@x服饰文化@x介绍@y中国 |
| 690 | @aK892.23@v5 | |
| 690 | @aTS941.742.8@v5 | |
| 701 | 0 | @a王晶@AWang Jing@4编著 |
| 801 | 2 | @aCN@b上海新华@c20191020 |
| 905 | @b1138304-7@dK892.23@e341@f4 | |
| 魅力独特的民族服饰.-长春:吉林出版集团有限责任公司,2019重印 |
| 159页:彩图;24cm.-(流光溢彩的中华民俗文化:彩图版) |
| 使用对象:大众读者。 |
| ISBN 978-7-5534-5075-9:CNY27.80 |
| 我国是一个多民族的国家,在960万平方公里的土地上,除汉族外,还生活着55个少数民族各民族。他们在漫长的历史发展过程中创造了优秀的民族文化,其中包括绚丽多姿的服饰文化。本书是《流光溢彩的中华民俗文化》系列丛书之一,以图文并茂的形式,引领读者用更多彩的目光来认识 |
| ● |
| 相关链接 |
|
|
|
|
正题名:魅力独特的民族服饰
索取号:K892.23/341
 
预约/预借
| 序号 | 登录号 | 条形码 | 馆藏地/架位号 | 状态 | 备注 |
| 1 | 1138304 | 211383046 | 第二样本阅览室/ [索取号:K892.23/341] | 在馆 | |
| 2 | 1138305 | 211383055 | 第二借阅区/ [索取号:K892.23/341] | 在馆 | |
| 3 | 1138306 | 211383064 | 第二借阅区/ [索取号:K892.23/341] | 在馆 | |
| 4 | 1138307 | 211383073 | 第二借阅区/ [索取号:K892.23/341] | 在馆 |